Studies in honor of Ruth Lee Kennedy / (Record no. 148636)

MARC details
000 -LEADER
campo de control de longitud fija 00790nam a2200229 i 4500
001 - NÚMERO DE CONTROL
campo de control 148636
003 - IDENTIFICADOR DE NÚMERO DE CONTROL
campo de control ES-MaACL
005 - FECHA Y HORA DE LA ÚLTIMA TRANSACCIÓN
campo de control 20230906202735.0
007 - CAMPO FIJO DE DESCRIPCIÓN FÍSICA--INFORMACIÓN GENERAL
campo de control de longitud fija t|
008 - DATOS DE LONGITUD FIJA--INFORMACIÓN GENERAL
campo de control de longitud fija 070214s1977 xxu r ||||1| eng d
245 00 - MENCIÓN DEL TÍTULO
Título Studies in honor of Ruth Lee Kennedy /
Mención de responsabilidad, etc. Vern G. Williamsen and A. F. Michael Atlee, editors.
260 ## - PUBLICACIÓN, DISTRIBUCIÓN, ETC.
Lugar de publicación, distribución, etc. Chapel Hiel, N. C. :
Nombre del editor, distribuidor, etc. [University of North Carolina,
Fecha de publicación, distribución, etc. 1977] (
Lugar de fabricación/manufactura Valencia :
Fabricante Soler)
300 ## - DESCRIPCIÓN FÍSICA
Extensión 176 p. ;
Dimensiones 24 cm.
490 1# - MENCIÓN DE SERIE
Mención de serie Estudios de Hispanofilia ;
Designación de volumen o secuencia 46
700 1# - ENTRADA AGREGADA--NOMBRE PERSONAL
Nombre de persona Kennedy, Ruth Lee.
9 (RLIN) 67848
700 1# - ENTRADA AGREGADA--NOMBRE PERSONAL
Nombre de persona Williamsen, Vern G.
9 (RLIN) 116966
700 1# - ENTRADA AGREGADA--NOMBRE PERSONAL
Nombre de persona Atlee, A. F. Michael.
9 (RLIN) 23763
710 2# - ENTRADA AGREGADA--NOMBRE DE ENTIDAD CORPORATIVA
Nombre de entidad corporativa o nombre de jurisdicción como elemento de entrada University of North Carolina.
9 (RLIN) 7512
830 0# - PUNTO DE ACCESO ADICIONAL DE SERIE-TÍTULO UNIFORME
Título uniforme Estudios de Hispanofilia ;
Designación de volumen o secuencia 46
9 (RLIN) 187517
852 ## - LOCALIZACIÓN
Ubicación ES-MaACL
Número de control de estantería A-7560
Holdings
Estatus retirado Estado de pérdida Estado de daño No para préstamo Biblioteca de origen Biblioteca actual Ubicación en estantería Fecha de adquisición Fuente de adquisición Total de préstamos Signatura topográfica completa Código de barras Visto por última vez Precio de reemplazo Tipo de ítem Koha
        Biblioteca del Ateneo de Madrid Biblioteca del Ateneo de Madrid Sala Pecera Planta 1 17/01/2008     A-7560 1155110 23/02/2023 23/02/2023 Libro impreso